| 000 | 00871cam a2200205 a 4500 | ||
|---|---|---|---|
| 001 | 000006180 | ||
| 005 | 20200929151949.0 | ||
| 008 | 980529r19971913mx a 000 0 spa | ||
| 040 |
_aDO-SdBNP _bspa _cBNPHU |
||
| 082 |
_aU861.4 _bA284c |
||
| 100 | 1 |
_aAgustini, Delmira, _d1886-1914. _915513 |
|
| 245 | 1 | 4 |
_aLos cálices vacios ; _bEl protoidioma en la poesía de Delmira Agustini / _cDelmira Agustini, Fredo Arias de la Canal. |
| 260 |
_aMéxico : _bFrente de Afirmación Hispanista, _c1997. |
||
| 300 |
_a243 p. : _bil. ; _c20 cm. |
||
| 505 | 0 |
_aEl protoidioma en la poesía de Delmira Agustini / _rFredo Arias de la Canal. |
|
| 600 | 1 | 0 |
_aAGUSTINI, DELMIRA _d1886-1914 _xCRÌTICA E INTERPRETACIÒN _917320 |
| 650 | 4 |
_aPoesìa uruguaya _93846 |
|
| 650 | 4 |
_aLiteratura uruguaya _93054 |
|
| 700 | 1 | 2 |
_aArias de la Canal, Fredo. _tProtoidioma en la poesía de Delmira Agustini. _917321 |
| 999 |
_c5975 _d5975 |
||